00277nam a2200121Ia 4500008004100000041000900041082001500050100001700065245002200082260003500104300000800139650000800147230718s9999 xx 000 0 und d aEng. a352bBPP-B aBpp Learning 0aBusiness Taxation aPakistanbBpp Publisher c2001 a124 aLaw